[Event "Sharjah Ramadan op rapid"]
[Site "Sharjah"]
[Date "2019.05.17"]
[Round "9"]
[White "Mehdi, Samer"]
[Black "Khademalsharieh, Sarasadat"]
[Result "0-1"]
[WhiteElo "2077"]
[BlackElo "2474"]
[PlyCount "54"]
[EventDate "2019.05.13"]
[EventType "swiss (rapid)"]
[EventRounds "9"]
[EventCountry "UAE"]
[SourceTitle "CBM 190 Extra"]
[Source "ChessBase"]
[SourceDate "2019.07.15"]
[SourceVersion "1"]
[SourceVersionDate "2019.07.15"]
[SourceQuality "1"]

1. e4 e5 2. Nf3 Nc6 3. d4 exd4 4. Nxd4 Nf6 5. Nc3 Bc5 6. Nf5 0-0 7. Bg5 d6 8. Be2 h6 9. Bh4 Bxf5 10. exf5 Nd4 11. Qd3 Nxe2 12. Nxe2 d5 13. 0-0-0 c6 14. Nf4 Qc7 15. Bg3 Qb6 16. f3 Rfe8 17. Rhe1 a5 18. Kb1 a4 19. Bh4 Nd7 20. f6 Ne5 21. Qf5 g6 22. Qh3 Nc4 23. Rxe8+ Rxe8 24. b3 axb3 25. axb3 Ra8 26. Nxg6 Qa6 27. Ne7+ Kh8 0-1

[Event "Sharjah Ramadan op rapid"]
[Site "Sharjah"]
[Date "2019.05.15"]
[Round "8"]
[White "De Guzman, Carlos"]
[Black "Mehdi, Samer"]
[Result "0-1"]
[WhiteElo "1850"]
[BlackElo "2077"]
[PlyCount "63"]
[EventDate "2019.05.13"]
[EventType "swiss (rapid)"]
[EventRounds "9"]
[EventCountry "UAE"]
[SourceTitle "CBM 190 Extra"]
[Source "ChessBase"]
[SourceDate "2019.07.15"]
[SourceVersion "1"]
[SourceVersionDate "2019.07.15"]
[SourceQuality "1"]

1. d4 Nf6 2. Nc3 c5 3. d5 e6 4. Bg5 Qb6 5. Bxf6 gxf6 6. Qc1 f5 7. e3 Bg7 8. dxe6 fxe6 9. Be2 0-0 10. Nd1 d5 11. Nf3 Nc6 12. 0-0 e5 13. c3 e4 14. Ng5 Qd8 15. Nh3 Be5 16. f4 Bc7 17. Ndf2 Kh8 18. Rd1 Be6 19. Ng5 Bg8 20. b4 h6 21. Ngh3 cxb4 22. cxb4 Bb6 23. a4 a6 24. a5 Ba7 25. Ra3 Qf6 26. Bxa6 bxa6 27. Qd2 d4 28. exd4 Nxd4 29. Kh1 Rfd8 30. Qb2 Rd6 31. Rc1 Bb6 32. Qd2 0-1

[Event "Dubai op 15th"]
[Site "Dubai"]
[Date "2013.04.09"]
[Round "3"]
[White "Michalik, Peter"]
[Black "Mehdi, Samer"]
[Result "1-0"]
[WhiteElo "2535"]
[BlackElo "2089"]
[PlyCount "65"]
[EventDate "2013.04.07"]
[EventType "swiss"]
[EventRounds "9"]
[EventCountry "UAE"]
[SourceTitle "CBM 153 Extra"]
[Source "ChessBase"]
[SourceDate "2013.04.22"]
[SourceVersion "1"]
[SourceVersionDate "2013.04.22"]
[SourceQuality "1"]

1. d4 Nf6 2. c4 e5 3. dxe5 Ne4 4. Nf3 Bb4+ 5. Bd2 Qe7 6. a3 Nxd2 7. Nbxd2 Bxd2+ 8. Qxd2 Nc6 9. Qc3 0-0 10. g3 Re8 11. Bg2 Nxe5 12. 0-0 d6 13. Nd4 Rb8 14. Nc2 Bg4 15. h3 Bd7 16. Ne3 c6 17. Rad1 b5 18. b3 h5 19. Qd4 bxc4 20. bxc4 h4 21. g4 d5 22. cxd5 Qxa3 23. Ra1 Qb2 24. Qxb2 Rxb2 25. f4 Rxe2 26. fxe5 Rxe3 27. Rxa7 Bc8 28. Rfxf7 R3xe5 29. Rxg7+ Kh8 30. dxc6 Re1+ 31. Kh2 Rc1 32. Rgc7 Rc2 33. Ra8 1-0

[Event "Dubai op 12th"]
[Site "Dubai"]
[Date "2010.04.10"]
[Round "6"]
[White "Mehdi, Samer"]
[Black "Karavade, Eesha"]
[Result "0-1"]
[WhiteElo "2085"]
[BlackElo "2366"]
[PlyCount "64"]
[EventDate "2010.04.05"]
[EventType "swiss"]
[EventRounds "9"]
[EventCountry "UAE"]
[SourceTitle "CBM 135 Extra"]
[Source "ChessBase"]
[SourceDate "2010.05.04"]
[SourceVersion "1"]
[SourceVersionDate "2010.05.04"]
[SourceQuality "1"]

1. e4 c5 2. Nf3 d6 3. d4 cxd4 4. Nxd4 Nf6 5. Nc3 a6 6. Qf3 g6 7. b3 Bg7 8. Bb2 0-0 9. h3 Qc7 10. 0-0-0 Nc6 11. Nde2 b5 12. g4 Be6 13. Nf4 Rfc8 14. Kb1 b4 15. Ncd5 Bxd5 16. exd5 Ne5 17. Qe2 a5 18. g5 Nfd7 19. Nd3 Nxd3 20. cxd3 Bxb2 21. Qxb2 a4 22. Be2 axb3 23. axb3 Qa7 24. d4 Rc3 25. Bb5 Nb6 26. Bc6 Qa3 27. Qxa3 Rxa3 28. Rd2 Rcxb3+ 29. Rb2 Rxb2+ 30. Kxb2 Nc4+ 31. Kb1 b3 32. Rd1 b2 0-1

[Event "Dubai op 11th"]
[Site "Dubai"]
[Date "2009.04.28"]
[Round "3"]
[White "Mehdi, Samer"]
[Black "Narayanan, Srinath"]
[Result "0-1"]
[WhiteElo "2099"]
[BlackElo "2381"]
[PlyCount "54"]
[EventDate "2009.04.26"]
[EventType "swiss"]
[EventRounds "9"]
[EventCountry "UAE"]
[SourceTitle "CBM 130 Extra"]
[Source "ChessBase"]
[SourceDate "2009.07.02"]
[SourceVersion "2"]
[SourceVersionDate "2009.07.15"]
[SourceQuality "1"]

1. e4 c5 2. Nf3 d6 3. d4 cxd4 4. Nxd4 Nf6 5. Nc3 a6 6. Be3 e5 7. Nb3 Be6 8. f4 exf4 9. Bxf4 Nc6 10. Be2 Qb6 11. Qd2 Be7 12. 0-0-0 0-0 13. g4 Rac8 14. g5 Nd7 15. Bxd6 Bxd6 16. Qxd6 Bxb3 17. axb3 Nde5 18. Nd5 Qf2 19. Rd2 Qg2 20. Rhd1 Qxe4 21. Bf1 Rfe8 22. Bh3 Rcd8 23. Bf5 Qh4 24. Ne7+ Kh8 25. Qc5 Rxd2 26. Rxd2 Rxe7 27. Qa7 Qe1+ 0-1

[Event "Asia Clubs 1st"]
[Site "Al Ain"]
[Date "2008.12.26"]
[Round "2"]
[White "Mehdi, Samer"]
[Black "Shobaita, Talal"]
[Result "1-0"]
[WhiteElo "2153"]
[BlackElo "2169"]
[PlyCount "89"]
[EventDate "2008.12.25"]
[EventType "team"]
[EventRounds "7"]
[EventCountry "UAE"]
[SourceTitle "CBM 127 Extra"]
[Source "ChessBase"]
[SourceDate "2009.01.08"]
[SourceVersion "2"]
[SourceVersionDate "2009.01.28"]
[SourceQuality "1"]

1. e4 g6 2. d4 Bg7 3. Nc3 d6 4. Be3 Nf6 5. f3 0-0 6. Qd2 e5 7. Nge2 Nc6 8. 0-0-0 exd4 9. Nxd4 Nxd4 10. Bxd4 Be6 11. g4 Nd7 12. Bxg7 Kxg7 13. h4 h6 14. Be2 a6 15. f4 f6 16. Rdg1 g5 17. hxg5 fxg5 18. fxg5 Qxg5 19. Qxg5+ hxg5 20. Rh5 Kg6 21. e5 Nxe5 22. Ne4 Nf3 23. Rg3 Bxg4 24. Bxf3 Bxh5 25. Rxg5+ Kh6 26. Rxh5+ Kg6 27. Rg5+ Kh6 28. Rg3 Rae8 29. Bg2 d5 30. Nc5 Rf2 31. Nd3 Rf5 32. Kd2 c6 33. Bf3 d4 34. Be2 c5 35. Rg4 b6 36. Nf4 b5 37. Rg6+ Kh7 38. Bd3 Rfe5 39. Rxa6+ Kg7 40. Bxb5 Rb8 41. Rg6+ Kf7 42. Bc4+ Ke7 43. Rg8 Rxg8 44. Bxg8 Rg5 45. Bc4 1-0

[Event "Dubai op 7th"]
[Site "Dubai"]
[Date "2005.04.06"]
[Round "3"]
[White "Mehdi, Samer"]
[Black "Ravi, Lanka"]
[Result "0-1"]
[WhiteElo "2233"]
[BlackElo "2416"]
[PlyCount "90"]
[EventDate "2005.04.04"]
[EventType "swiss"]
[EventRounds "9"]
[EventCountry "UAE"]
[SourceTitle "CBM 105 Extra"]
[Source "ChessBase"]
[SourceDate "2005.05.01"]
[SourceVersion "1"]
[SourceVersionDate "2005.05.01"]
[SourceQuality "1"]

1. e4 e6 2. d4 d5 3. Nd2 a6 4. Ngf3 c5 5. exd5 exd5 6. dxc5 Bxc5 7. Nb3 Bb6 8. Bd3 Nf6 9. 0-0 0-0 10. h3 Nc6 11. c3 Qc7 12. Nbd4 Bxd4 13. Nxd4 Nxd4 14. cxd4 Re8 15. Re1 Rxe1+ 16. Qxe1 h6 17. Bd2 Bd7 18. Ba5 Qf4 19. Qd2 Qh4 20. Bc7 Rc8 21. Bg3 Ne4 22. Bxh4 Nxd2 23. Bg3 Nc4 24. Rb1 f5 25. b3 Nd2 26. Rd1 Ne4 27. Bxe4 dxe4 28. Rd2 g5 29. Be5 Kf7 30. d5 Bb5 31. a4 Bd3 32. f3 Rc1+ 33. Kh2 Rc5 34. fxe4 fxe4 35. Rf2+ Ke8 36. Bg7 Rxd5 37. Bxh6 e3 38. Rf3 e2 39. Re3+ Kf7 40. Kg3 Rf5 41. Bxg5 Rxg5+ 42. Kf2 Rf5+ 43. Rf3 Rxf3+ 44. gxf3 a5 45. f4 Bc2 0-1